000
00318nam a22001337a 4500
999
_c
167119
_d
167119
082
_a
_b
100
_a
Mehta J L
245
_a
Advanced study in the history of medieval India mughal empire (v.2)/
_c
by Mehta J L.
260
_a
_b
Sterling,
_c
2010.
300
_a
604p.
650
_a
700
_a
942
_c
BK